000 00460pab a2200169 454500
008 180718b2004 xxu||||| |||| 00| 0 eng d
100 _aAshutosh Kumar
245 _aElectoral politics in Punjab: study of Akali Dal
260 _c2004
300 _ap.1515-520.
362 _a3 and 10 Apr
650 _aAkali Dal
650 _aPolitical parties - India - Punjab
650 _aPolitical parties
773 _aEconomic and Political Weekly
909 _a60219
999 _c60219
_d60219